China en transición : (Record no. 110501)

MARC details
000 -LEADER
campo de control de longitud fija 01221nam a2200361Mi 4500
001 - NÚMERO DE CONTROL
campo de control 50697
005 - FECHA Y HORA DE LA ÚLTIMA TRANSACCIÓN
campo de control 20230411090004.0
008 - DATOS DE LONGITUD FIJA--INFORMACIÓN GENERAL
campo de control de longitud fija 000601s2000 sp 000 0 spa d
035 ## - NÚMERO DE CONTROL DEL SISTEMA
Número de control de sistema (OCoLC)ocm44182659
040 ## - FUENTE DE CATALOGACIÓN
Centro catalogador/agencia de origen PL#
Lengua de catalogación spa
Centro/agencia transcriptor PL#
Centro/agencia modificador I5B
-- EL$
020 ## - NÚMERO INTERNACIONAL ESTÁNDAR DEL LIBRO
Número Internacional Estándar del Libro 8472901378
020 ## - NÚMERO INTERNACIONAL ESTÁNDAR DEL LIBRO
Número Internacional Estándar del Libro 9788472901377
029 0# - OTRO NÚMERO DE CONTROL DE SISTEMA (OCLC)
Identificador de la biblioteca OCLC PL#
Número de control de sistema 8472901378
029 1# - OTRO NÚMERO DE CONTROL DE SISTEMA (OCLC)
Identificador de la biblioteca OCLC I5B
Número de control de sistema 107654
029 1# - OTRO NÚMERO DE CONTROL DE SISTEMA (OCLC)
Identificador de la biblioteca OCLC NLGGC
Número de control de sistema 241560683
035 ## - NÚMERO DE CONTROL DEL SISTEMA
Número de control de sistema (OCoLC)44182659
049 ## - FONDOS LOCALES (OCLC)
Biblioteca depositaria GRAL
245 00 - MENCIÓN DEL TÍTULO
Título China en transición :
Resto del título sociedad, cultura, política y economía /
Mención de responsabilidad, etc. Taciana Fisac y Steve Tsang, eds.
260 ## - PUBLICACIÓN, DISTRIBUCIÓN, ETC.
Lugar de publicación, distribución, etc. Barcelona :
Nombre del editor, distribuidor, etc. Ediciones Bellaterra,
Fecha de publicación, distribución, etc. c2000.
300 ## - DESCRIPCIÓN FÍSICA
Extensión 439 p. :
Otras características físicas il. ;
Dimensiones 22 cm.
440 #0 - MENCIÓN DE SERIE/PUNTO DE ACCESO ADICIONAL--TÍTULO
Título Biblioteca de China contemporánea ;
Designación de volumen o secuencia 7
500 ## - NOTA GENERAL
Nota general Bibliografía al final de cada capítulo . -- âIndice.
653 ## - TÉRMINO DE INDIZACIÓN--NO CONTROLADO
Término no controlado China
-- Aspectos sociológicos.
653 ## - TÉRMINO DE INDIZACIÓN--NO CONTROLADO
Término no controlado China
-- Aspectos políticos.
653 ## - TÉRMINO DE INDIZACIÓN--NO CONTROLADO
Término no controlado China
-- Aspectos económicos.
651 #4 - PUNTO DE ACCESO ADICIONAL DE MATERIA--NOMBRE GEOGRÁFICO
Nombre geográfico China
Subdivisión general Condiciones sociales
Subdivisión cronológica Siglo XX.
700 1# - ENTRADA AGREGADA--NOMBRE PERSONAL
Nombre de persona Fisac Badell, Taciana,
Término indicativo de función/relación ed.
700 1# - ENTRADA AGREGADA--NOMBRE PERSONAL
Nombre de persona Tsang, Steve,
Término indicativo de función/relación ed.
938 ## -
-- Puvill Libros
-- PUVL
-- 8472901378
-- $24.82
938 ## -
-- Iberbook International S.L.
-- IBER
-- 107654
-- P4000
942 ## - ELEMENTOS DE ENTRADA SECUNDARIOS (KOHA)
Fuente del sistema de clasificación o colocación Clasificación de Library of Congress
Tipo de ítem Koha
994 ## -
-- C0
-- DRFGD
Holdings
Estatus retirado Estado de pérdida Fuente del sistema de clasificación o colocación Estado de daño No para préstamo Colección Biblioteca de origen Biblioteca actual Ubicación en estantería Fecha de adquisición Código de barras Visto por última vez Copia número Tipo de ítem Koha
    Clasificación de Library of Congress     Automatización y Procesos Técnicos Biblioteca Juan Bosch Biblioteca Juan Bosch Automatización y Procesos Técnicos (1er. Piso) 11/04/2023 00000052217 17/02/2019 1